<?xml version="1.0" encoding="UTF-8"?>
<record
    xmlns:xsi="http://www.w3.org/2001/XMLSchema-instance"
    xsi:schemaLocation="http://www.loc.gov/MARC21/slim http://www.loc.gov/standards/marcxml/schema/MARC21slim.xsd"
    xmlns="http://www.loc.gov/MARC21/slim">

  <leader>01759nam a22002057a 4500</leader>
  <controlfield tag="005">20220406155833.0</controlfield>
  <controlfield tag="008">220404b           ||||| |||| 00| 0 eng d</controlfield>
  <datafield tag="020" ind1=" " ind2=" ">
    <subfield code="a">9781471197819</subfield>
  </datafield>
  <datafield tag="040" ind1=" " ind2=" ">
    <subfield code="c">AL</subfield>
  </datafield>
  <datafield tag="041" ind1=" " ind2=" ">
    <subfield code="a">eng</subfield>
  </datafield>
  <datafield tag="082" ind1=" " ind2=" ">
    <subfield code="2">23</subfield>
    <subfield code="a">813.54</subfield>
    <subfield code="b">FELB</subfield>
  </datafield>
  <datafield tag="100" ind1=" " ind2=" ">
    <subfield code="a">Ellen Feldman</subfield>
    <subfield code="9">27412</subfield>
  </datafield>
  <datafield tag="245" ind1=" " ind2=" ">
    <subfield code="a">Bookshop in Paris</subfield>
  </datafield>
  <datafield tag="260" ind1=" " ind2=" ">
    <subfield code="a">London</subfield>
    <subfield code="b">Simon &amp; Schuster</subfield>
    <subfield code="c">2020</subfield>
  </datafield>
  <datafield tag="300" ind1=" " ind2=" ">
    <subfield code="a">350p.</subfield>
    <subfield code="b">19.5x13cm.</subfield>
    <subfield code="c">PB</subfield>
  </datafield>
  <datafield tag="365" ind1=" " ind2=" ">
    <subfield code="2">General</subfield>
    <subfield code="a">6320</subfield>
    <subfield code="b">&#x20B9;311.22</subfield>
    <subfield code="c">&#x20B9;</subfield>
    <subfield code="d">&#x20B9;399.00</subfield>
    <subfield code="e">22%</subfield>
    <subfield code="f">8-03-2022</subfield>
  </datafield>
  <datafield tag="520" ind1=" " ind2=" ">
    <subfield code="a">Paris, 1944. Charlotte Foret is working in a tiny bookstore in Nazi-occupied Paris struggling to stay alive and keep her baby Vivi safe as the world around them is being torn apart. Every day they live through is a miracle until Vivi becomes gravely ill.  In desperation, Charlotte accepts help from an unlikely saviour &#x2013; and her life is changed forever.Charlotte is no victim &#x2013; she is a survivor. But the truth of what happened in Paris is something she can never share with anyone, including her daughter. But can she ever really leave Paris behind &#x2013; and survive the next chapter of her life. Seamlessly interweaving Charlotte&#x2019;s past in wartime Paris and her present in the 1950s world of New York publishing, A Bookshop in Paris is a heartbreakingly moving and  nforgettable story of resilience, love and impossible choices. 'Completely compelling. I tore through it. This novel pivots on how we manage to survive surviving  Charlotte's visceral story will stay with me.&#x2019; Naomi Wood, author of Mrs. Hemingway. &#x2018;Masterful, magnificent. A passionate story of survival. This story will stay with me for a long time Heather Morris, bestselling author of The Tattooist of Auschwitz.

</subfield>
  </datafield>
  <datafield tag="650" ind1=" " ind2=" ">
    <subfield code="2">American Fiction</subfield>
    <subfield code="a">Literature</subfield>
    <subfield code="9">27413</subfield>
  </datafield>
  <datafield tag="942" ind1=" " ind2=" ">
    <subfield code="2">ddc</subfield>
    <subfield code="c">BK</subfield>
  </datafield>
  <datafield tag="999" ind1=" " ind2=" ">
    <subfield code="c">222160</subfield>
    <subfield code="d">222160</subfield>
  </datafield>
  <datafield tag="952" ind1=" " ind2=" ">
    <subfield code="0">0</subfield>
    <subfield code="1">0</subfield>
    <subfield code="2">ddc</subfield>
    <subfield code="4">0</subfield>
    <subfield code="7">0</subfield>
    <subfield code="8">MAENG</subfield>
    <subfield code="a">SACPG</subfield>
    <subfield code="b">SACPG</subfield>
    <subfield code="d">2022-03-11</subfield>
    <subfield code="e">Biblios Book Point</subfield>
    <subfield code="g">311.22</subfield>
    <subfield code="l">4</subfield>
    <subfield code="o">813.54 FELB</subfield>
    <subfield code="p">PG023814</subfield>
    <subfield code="r">2026-01-05 12:19:05</subfield>
    <subfield code="s">2025-12-18</subfield>
    <subfield code="v">399.00</subfield>
    <subfield code="w">2022-04-04</subfield>
    <subfield code="y">BK</subfield>
  </datafield>
</record>
